000 00439cam a22001575a 4500
001 J100969
008 000000s1932 xxk 000 0 eng u
035 _a(Sirsi) u100969
110 _aAuctioneers' and Estate Agents' Institute of the United Kingdom
_93789
245 _aAnnual provincial meeting Bournemouth 1932.
260 _c1932
300 _a40p.
651 4 _aUnited Kingdom
_y
690 _aBusiness and management
942 _n0
999 _c99957
_d99957